| 000 | 00700nam a22001937a 4500 | ||
|---|---|---|---|
| 005 | 20250430115857.0 | ||
| 010 | _aENG-144746 | ||
| 020 |
_a9788198055378 _c215.00 |
||
| 035 | _aEN-128278 | ||
| 037 | _bDBAD | ||
| 082 | _a333.130954 | ||
| 245 |
_aChronicle Indian Industry Infrastructure and resources _cEdited by N.N. Ojha |
||
| 260 |
_aNoida _bChronicle Publication _c2024 |
||
| 270 |
_aA-27D, Sector 16 _bNoida _e201301 _k0120-2514610/12 _minfo@chronicleindia.in |
||
| 300 |
_a176p. _c28cm(pbk) |
||
| 500 | _aAlso Useful for all State Public Service Commission and other Examination value addition special | ||
| 700 |
_aOjha, N.N. _977953 |
||
| 942 |
_2ddc _cEN _mCHR _h333.130954 |
||
| 999 |
_c209324 _d209324 |
||